[Event "23rd ETCC Women 2021"]
[Site "Catez"]
[Date "2021.11.19"]
[Round "6.10"]
[White "Mammadova, Gulnar"]
[Black "Zimina, Olga"]
[Result "1/2-1/2"]
[WhiteElo "2395"]
[BlackElo "2339"]
[Annotator "ChessBase"]
[PlyCount "182"]
[EventDate "2021.11.08"]
[EventType "team-tourn"]
[EventCountry "SLO"]
[WhiteTeam "Azerbaijan"]
[BlackTeam "Italy"]
[WhiteTeamCountry "AZE"]
[BlackTeamCountry "ITA"]
[TimeControl "40/5400+30:1800+30"]

1. e4 {[%emt 0:00:05]} c6 {[%emt 0:00:09]} 2. d4 {[%emt 0:00:14]} d5 {[%emt 0:
00:04]} 3. Nc3 {[%emt 0:00:22]} dxe4 {[%emt 0:00:16]} 4. Nxe4 {[%emt 0:00:16]}
Nf6 {[%emt 0:00:20]} 5. Nxf6+ {[%emt 0:00:12]} exf6 {[%emt 0:00:05]} 6. c3 {
[%emt 0:00:20]} Bd6 {[%emt 0:00:05]} 7. Bd3 {[%emt 0:00:30]} Na6 8. Ne2 {
[%emt 0:01:21]} Nc7 {[%emt 0:00:10]} 9. Qc2 {[%emt 0:02:20]} h5 {[%emt 0:00:46]
} 10. Bd2 {[%emt 0:02:24]} Kf8 {[%emt 0:04:39]} 11. h3 {[%emt 0:06:33]} Nd5 {
[%emt 0:07:47]} 12. O-O-O {[%emt 0:04:11]} b5 {[%emt 0:05:30]} 13. Kb1 {
[%emt 0:04:43]} a5 {[%emt 0:04:43]} 14. Ng3 {[%emt 0:01:42]} h4 {[%emt 0:01:31]
} 15. Ne4 {[%emt 0:04:09]} Be7 {[%emt 0:02:22]} 16. g4 {[%emt 0:10:11]} g6 {
[%emt 0:08:44]} 17. f4 {[%emt 0:04:41]} Kg7 {[%emt 0:00:24]} 18. Rhe1 {[%emt 0:
11:24]} a4 {[%emt 0:02:40]} 19. f5 {[%emt 0:06:08]} g5 {[%emt 0:01:44]} 20. Qc1
{[%emt 0:02:50]} Ba6 {[%emt 0:09:26]} 21. Nc5 {[%emt 0:05:27]} Bd6 {[%emt 0:04:
43]} 22. Be4 {[%emt 0:02:35]} Bg3 {[%emt 0:04:49]} 23. Rf1 {[%emt 0:03:21]} Kh6
{[%emt 0:01:55]} 24. Rf3 {[%emt 0:06:45]} Bd6 {[%emt 0:01:31]} 25. Nxa6 {
[%emt 0:00:30]} Rxa6 {[%emt 0:00:30]} 26. c4 {[%emt 0:04:27]} bxc4 27. Qxc4 {
[%emt 0:00:14]} Qa8 {[%emt 0:02:24]} 28. Bxd5 {[%emt 0:06:11]} cxd5 {[%emt 0:
00:14]} 29. Qe2 {[%emt 0:00:08]} Rb6 {[%emt 0:07:29]} 30. Rc1 {[%emt 0:00:17]}
Rhb8 {[%emt 0:05:41]} 31. Rc2 {[%emt 0:00:06]} Qb7 {[%emt 0:01:46]} 32. Bc1 {
[%emt 0:00:50]} Rb4 {[%emt 0:00:13]} 33. Qf2 {[%emt 0:03:45]} Kg7 {[%emt 0:02:
51]} 34. Rfc3 {[%emt 0:00:11]} Qe7 {[%emt 0:03:30]} 35. Re3 {[%emt 0:04:36]}
Qa7 {[%emt 0:00:09]} 36. Rd3 {[%emt 0:00:07]} Kf8 {[%emt 0:05:24]} 37. Rc6 {
[%emt 0:01:07]} Be5 {[%emt 0:00:23]} 38. Rc2 {[%emt 0:02:47]} Bxd4 {[%emt 0:01:
23]} 39. Be3 {[%emt 0:01:00]} Bxe3 {[%emt 0:05:36]} 40. Qxe3 {[%emt 0:00:15]}
d4 {[%emt 0:04:29]} 41. Qf3 {[%emt 0:04:52]} Qb6 {[%emt 0:01:28]} 42. Qf2 {
[%emt 0:03:28]} Kg7 {[%emt 0:01:09]} 43. Qd2 {[%emt 0:07:06]} Qd6 {[%emt 0:01:
29]} 44. Ka1 {[%emt 0:01:27]} Qe5 {[%emt 0:01:20]} 45. Kb1 {[%emt 0:02:16]} Qe4
{[%emt 0:02:17]} 46. Ka1 {[%emt 0:00:17]} a3 {[%emt 0:13:13]} 47. b3 {[%emt 0:
01:55]} Re8 {[%emt 0:02:17]} 48. Rc1 {[%emt 0:00:17]} Qf4 {[%emt 0:04:37]} 49.
Rd1 {[%emt 0:04:50]} Re3 {[%emt 0:00:49]} 50. Kb1 {[%emt 0:02:04]} Qe4 {
[%emt 0:00:53]} 51. Qc2 {[%emt 0:00:30]} Qf3 {[%emt 0:03:13]} 52. Qd2 {[%emt 0:
01:38]} Rb5 {[%emt 0:04:35]} 53. Rxd4 {[%emt 0:01:29]} Re2 {[%emt 0:02:33]} 54.
Qd3 {[%emt 0:01:22]} Qf2 {[%emt 0:00:33]} 55. Rd2 {[%emt 0:00:17]} Qf1+ {
[%emt 0:00:19]} 56. Rd1 {[%emt 0:03:06]} Qg2 {[%emt 0:00:35]} 57. Rd2 {[%emt 0:
00:20]} Rbe5 {[%emt 0:00:11]} 58. Qc3 {[%emt 0:01:02]} R5e3 {[%emt 0:00:34]}
59. Qxe3 {[%emt 0:00:52]} Qh1+ {[%emt 0:00:45]} 60. Rd1 {[%emt 0:00:04]} Qxd1+
{[%emt 0:00:35]} 61. Rxd1 {[%emt 0:00:04]} Rxe3 {[%emt 0:00:06]} 62. Rh1 {
[%emt 0:00:12]} Re2 {[%emt 0:00:02]} 63. Ka1 {[%emt 0:01:10]} Kf8 {[%emt 0:00:
33]} 64. b4 {[%emt 0:00:20]} Ke7 {[%emt 0:00:05]} 65. b5 {[%emt 0:01:08]} Kd7 {
[%emt 0:00:24]} 66. b6 {[%emt 0:00:12]} Kc8 {[%emt 0:00:38]} 67. Kb1 {[%emt 0:
01:11]} Rb2+ {[%emt 0:00:44]} 68. Ka1 {[%emt 0:00:02]} Rxb6 {[%emt 0:00:49]}
69. Rc1+ {[%emt 0:00:06]} Kd7 {[%emt 0:00:11]} 70. Rc3 {[%emt 0:00:05]} Ra6 {
[%emt 0:00:04]} 71. Rd3+ {[%emt 0:00:45]} Kc6 {[%emt 0:00:09]} 72. Kb1 {
[%emt 0:00:04]} Kc5 {[%emt 0:00:22]} 73. Kc2 {[%emt 0:00:09]} Kc4 {[%emt 0:00:
58]} 74. Kd2 {[%emt 0:00:39]} Ra5 {[%emt 0:01:17]} 75. Kc2 {[%emt 0:01:27]} Ra7
{[%emt 0:01:04]} 76. Kd2 {[%emt 0:00:18]} Ra6 {[%emt 0:00:36]} 77. Kc2 {
[%emt 0:00:05]} Kb4 {[%emt 0:00:16]} 78. Rd4+ {[%emt 0:00:10]} Kc5 {[%emt 0:00:
06]} 79. Rd3 {[%emt 0:00:04]} Ra4 {[%emt 0:00:14]} 80. Kb3 {[%emt 0:01:01]} Ra7
{[%emt 0:00:05]} 81. Kc2 {[%emt 0:00:03]} Kc4 {[%emt 0:00:22]} 82. Kd2 {
[%emt 0:00:17]} Ra4 {[%emt 0:01:41]} 83. Kc2 {[%emt 0:00:14]} Ra8 {[%emt 0:00:
38]} 84. Kd2 {[%emt 0:00:11]} Ra5 {[%emt 0:00:27]} 85. Kc2 {[%emt 0:00:07]} Kb4
{[%emt 0:00:39]} 86. Rd4+ {[%emt 0:00:31]} Kc5 {[%emt 0:00:04]} 87. Rd3 {
[%emt 0:00:04]} Ra4 {[%emt 0:00:56]} 88. Kb3 {[%emt 0:00:14]} Ra7 {[%emt 0:00:
32]} 89. Kc2 {[%emt 0:00:04]} Kc6 {[%emt 0:00:15]} 90. Kb3 {[%emt 0:00:15]} Kc5
{[%emt 0:00:40]} 91. Kc2 {[%emt 0:00:08]} Ra4 {[%emt 0:00:38]} 1/2-1/2

[Event "23rd ETCC Women 2021"]
[Site "Catez"]
[Date "2021.11.19"]
[Round "6.12"]
[White "Fataliyeva, Ulviyya"]
[Black "Movileanu, Daniela"]
[Result "1-0"]
[WhiteElo "2309"]
[BlackElo "2214"]
[Annotator "TA"]
[PlyCount "75"]
[EventDate "2021.11.08"]
[EventType "team-tourn"]
[EventCountry "SLO"]
[WhiteTeam "Azerbaijan"]
[BlackTeam "Italy"]
[WhiteTeamCountry "AZE"]
[BlackTeamCountry "ITA"]

{[%evp 14,75,16,22,22,28,26,28,28,12,16,13,19,18,26,40,22,27,84,93,103,108,87,
75,109,90,95,93,78,85,80,75,125,106,179,129,158,89,117,113,96,112,144,112,100,
75,113,87,215,208,210,121,147,5,124,72,205,201,427,393,1684,1314,1292,1215]} 1.
d4 {Primel,D} Nf6 2. c4 g6 3. Nc3 d5 4. cxd5 Nxd5 5. Bd2 Bg7 6. e4 Nxc3 7. Bxc3
O-O 8. Qd2 Nc6 {[%cal Rc6d4] D85: Exchange Grünfeld: Unusual White 7th moves
and lines with 7 Nf3.} 9. Nf3 Bg4 {With the idea ...Bxf3.} 10. d5 Bxf3 {
White has an edge.} 11. Bxg7 Kxg7 12. gxf3 Ne5 13. O-O-O c6 14. Bh3 {aiming
for f4.} f6 15. f4 Nf7 (15... Nc4 $1 $11 {keeps the balance.} 16. Qd4 cxd5) 16.
Kb1 $16 Qb6 {[#]} 17. Be6 $146 ({Predecessor:} 17. Rhe1 Rad8 18. Qc2 Rfe8 19.
Be6 Nd6 20. dxc6 Nb5 21. Qb3 bxc6 22. Bd7 Rf8 23. a4 Qxf2 {1/2-1/2 (43) Wagner,
D (2488)-Gharamian,T (2658) Vandoeuvre 2014 EXT 2017 [Primel,D]}) 17... Nd6 18.
Rhe1 Rad8 19. h4 Nb5 20. h5 Nc7 21. f5 {Strongly threatening hxg6.} Nxe6 22.
fxe6 cxd5 23. exd5 Qd6 (23... g5 $16) 24. hxg6 hxg6 {[#]} 25. Rg1 ({Weaker is} 
25. Rh1 Rh8 $11) (25. f4 $142 $1 Rh8 26. Rg1) 25... Qe5 26. Qb4 Qf5+ 27. Ka1
Rfe8 28. Qb3 $40 {[%mdl 128] White is out for blood.} ({Don't do} 28. Qxb7 $6
Qxf2 29. Qb3 Rb8 $14) 28... b6 29. Qa4 a5 30. Qc6 Rc8 (30... b5 $16) 31. Qxb6
$18 Rb8 32. Qd4 (32. Qc5 $18) 32... Rb4 $16 {[#]} 33. Qc3 (33. Qc5 $1 $16)
33... Reb8 (33... Qxf2 $11 34. Rdf1 Qe2) 34. Rd2 a4 (34... Qe5 $16) 35. d6 Qxe6
(35... a3 {was called for.} 36. Qxa3 exd6) 36. d7 $18 Rb3 $2 (36... Rg4 37.
Rgd1 Rd8) 37. Qc2 g5 38. d8=Q {Weighted Error Value: White=0.18/Black=0.34} 1-0

[Event "23rd ETCC Women 2021"]
[Site "Catez"]
[Date "2021.11.19"]
[Round "6.13"]
[White "Osmak, Iulija"]
[Black "Danielian, Elina"]
[Result "1/2-1/2"]
[WhiteElo "2423"]
[BlackElo "2450"]
[Annotator "TA"]
[PlyCount "65"]
[EventDate "2021.11.08"]
[EventType "team-tourn"]
[EventCountry "SLO"]
[WhiteTeam "Ukraine"]
[BlackTeam "Armenia"]
[WhiteTeamCountry "UKR"]
[BlackTeamCountry "ARM"]

{[%evp 16,65,16,18,0,0,4,8,43,49,41,28,63,26,39,14,20,4,26,22,20,10,13,18,17,
12,15,0,0,0,22,4,13,4,4,1,1,9,0,-10,0,-9,9,9,10,8,14,0,14,0,14,0]} 1. d4 d5 2.
c4 dxc4 3. e3 Nf6 4. Bxc4 e6 5. Nf3 c5 6. O-O Nc6 7. Nc3 a6 8. Qe2 b5 9. Bb3
Bb7 {D28: Queen's Gambit Accepted: Classical main line: 7 Qe2 with early ...
Nc6.} 10. d5 Nxd5 11. Rd1 {[%cal Rc3d5]} Bd6 12. Nxd5 exd5 13. Bxd5 {[#]} O-O
$146 ({Predecessor:} 13... Qe7 14. e4 f6 15. e5 Bc7 16. a4 b4 17. Be3 O-O-O 18.
Rac1 Bb6 19. Bxc6 Bxc6 20. Qxa6+ {1/2-1/2 (59) Meyer,M (2294)-Luch,M (2402)
Wroclaw 2010}) 14. a4 Rb8 15. e4 {[#] Threatens to win with e5.} Qc7 16. g3 Nb4
17. Bxb7 Rxb7 {The position is equal.} 18. e5 Be7 19. Bd2 Nc6 {[%cal Bb4c6,
Bc6d8,Bd8e6][%mdl 32]} 20. Qe4 Qc8 21. axb5 axb5 22. Ra6 Nd8 23. Bg5 {Hoping
for Bxe7.} (23. h4 {looks sharper.} Rb8 24. Rda1 Ne6 25. Ra7 Re8 26. Be3) 23...
Ne6 24. Bxe7 Rxe7 25. Rb6 b4 26. h4 h6 27. h5 Ra7 28. Rc1 Qa8 (28... Ra2 {
feels hotter.} 29. Rb1 Qc7 30. Rd6 Rc8 31. Kg2 Kh8) 29. Qxa8 Rfxa8 30. Nd2 Ra6
31. Rb7 R6a7 32. Rb6 Ra6 33. Rb7 {Weighted Error Value: White=0.06/Black=0.07}
1/2-1/2

[Event "23rd ETCC Women 2021"]
[Site "Catez"]
[Date "2021.11.19"]
[Round "6.14"]
[White "Mkrtchian, Lilit"]
[Black "Buksa, Nataliya"]
[Result "1/2-1/2"]
[WhiteElo "2379"]
[BlackElo "2410"]
[Annotator "TA"]
[PlyCount "120"]
[EventDate "2021.11.08"]
[EventType "team-tourn"]
[EventCountry "SLO"]
[WhiteTeam "Armenia"]
[BlackTeam "Ukraine"]
[WhiteTeamCountry "ARM"]
[BlackTeamCountry "UKR"]

{[%evp 18,120,0,0,0,0,8,-24,-13,-6,-7,-37,-27,-16,-21,-56,-44,-45,-43,-44,-49,
-65,0,0,0,-46,-37,-52,-17,-35,-8,-22,-17,-4,54,56,51,54,50,31,35,32,83,73,96,
75,96,54,54,54,54,56,108,115,115,115,116,115,115,117,116,112,112,113,112,109,
110,112,112,112,112,111,125,79,79,79,79,79,79,77,97,100,91,37,85,0,0,0,8,14,14,
0,0,0,0,0,0,0,0,0,0,0,0,0,0]} 1. Nf3 d5 2. g3 Nf6 3. Bg2 e6 4. O-O Be7 5. c4
O-O 6. b3 d4 7. e3 c5 8. exd4 cxd4 9. Re1 Nc6 10. Bb2 a5 {A14: English Opening:
1...e6 with b3 by White.} 11. d3 Re8 12. Ne5 Nxe5 {Black has an edge.} 13. Rxe5
{[#]} Nd7 $146 ({Predecessor:} 13... Rb8 14. Na3 Nd7 15. Re2 e5 16. Nb5 Bc5 17.
a3 Nf8 18. Qe1 Ng6 19. b4 axb4 20. axb4 {1-0 (38) Hoefelsauer,T (2354)
-Kolthoff,S (2036) Neustadt an der Weinstrasse 2019}) 14. Re1 e5 15. Nd2 Bb4
16. Rf1 a4 17. bxa4 Nc5 18. Ne4 Nxa4 19. Qb3 Qe7 ({Of course not} 19... Nxb2 $6
20. Qxb4 Nxd3 21. Qb3 $14) (19... Be7 $15) 20. Rab1 $11 Bc5 21. Ba1 Ra6 22. Qc2
Ba7 23. Rfe1 Qf8 24. Rb5 Bc5 25. Qb1 h6 (25... b6 $11) 26. Nxc5 $14 Nxc5 {[#]}
27. Bxd4 $1 {[%mdl 64] Double Attack} Nxd3 28. Qxd3 exd4 29. Rbe5 Rxe5 (29...
Rae6 $14 30. Qxd4 Qb4) 30. Rxe5 $16 Be6 31. Qxd4 Qb4 32. Qd8+ Kh7 {White must
now prevent ...Qb1+.} 33. Qd3+ g6 34. Bd5 Qb2 (34... Bxd5 $14 35. Qxd5 Kg7) 35.
Re2 $1 {[%cal Re2b2]} Qa1+ 36. Kg2 Rd6 37. Qf3 Bxd5 38. cxd5 {[%mdl 4096]
Endgame KQR-KQR} Kg7 39. Rd2 (39. Qe4 {keeps more tension.} Rd7 40. Rd2 Qc3 41.
Rd1 Qf6 42. Rb1) 39... Qe5 40. Qd3 Kg8 41. Qc4 Kg7 42. Rd3 Rd7 43. a4 b6 44.
Rd2 Rd6 45. f4 Qe1 46. Qd4+ Kh7 47. Rc2 h5 48. h4 (48. Rd2 {seems wilder.} Kg8
49. Qd3 Qe7 50. Qc4 Qe8 51. Kf2) 48... Rd7 {[#]} 49. Rf2 $1 Qe6 {[#]} 50. dxe6
({White should try} 50. Rd2 $1 $16 Qd6 51. Kh2) 50... Rxd4 {KR-KR} 51. f5 (51.
exf7 $16 Kg7 52. f8=R Kxf8 53. Ra2) 51... fxe6 $1 $11 {The position is equal.}
52. fxe6 {Hoping for Re2.} Re4 53. Rf7+ Kg8 54. Re7 (54. Rc7 {feels hotter.}
Rxe6 55. Kf3 Rf6+ 56. Ke4 Rf5 57. Rc6) 54... Rxa4 55. Rb7 {Rb8+ is the strong
threat.} Kf8 56. Rxb6 Ke7 57. Kf3 Rg4 58. Rc6 Ra4 59. Ke3 Rg4 60. Kf3 Ra4 {
Weighted Error Value: White=0.10/Black=0.08} 1/2-1/2

[Event "23rd ETCC Women 2021"]
[Site "Catez"]
[Date "2021.11.19"]
[Round "6.15"]
[White "Gaponenko, Inna"]
[Black "Sargsyan, Anna M."]
[Result "1-0"]
[WhiteElo "2339"]
[BlackElo "2385"]
[Annotator "TA"]
[PlyCount "45"]
[EventDate "2021.11.08"]
[EventType "team-tourn"]
[EventCountry "SLO"]
[WhiteTeam "Ukraine"]
[BlackTeam "Armenia"]
[WhiteTeamCountry "UKR"]
[BlackTeamCountry "ARM"]

{[%evp 16,45,0,0,0,-10,0,0,75,67,70,74,377,345,329,370,550,324,672,656,657,627,
1226,1194,1218,1109,1193,1141,1228,1209,1182,1153]} 1. e4 e5 2. Nc3 Nf6 3. f4
d5 4. fxe5 Nxe4 5. Nf3 c5 6. Qe2 Nxc3 7. dxc3 Be7 8. Bf4 O-O 9. O-O-O Nc6 {
C29: Vienna Game: 2...Nf6 3 f4.} 10. h4 Qa5 11. a3 Qa4 (11... c4 $11) 12. g3
$16 {[#]} Rd8 $146 ({Predecessor:} 12... d4 13. Qe4 g6 14. Bh3 Rd8 15. h5 Qa5
16. hxg6 fxg6 17. Bxc8 Raxc8 18. Rxh7 Kxh7 {1-0 (26) Krivec,J (2345)-Ursic,M 
(2057) Kozje 2008}) 13. Ng5 $1 g6 {[%mdl 8192]} (13... Bf5 $16 {is tougher.})
14. e6 $18 f6 15. Nf7 Re8 (15... Qe4 $142 16. Nxd8 Nxd8) 16. Bg2 d4 $2 (16...
Qc4 17. Qxc4 dxc4) 17. h5 {hxg6 is the strong threat.White is clearly winning.}
g5 {[#]} 18. Bxg5 $1 {[%mdl 512]} dxc3 (18... Nd8 19. Bxf6) 19. Bf4 {Intending
Qg4+ and mate.} cxb2+ 20. Kb1 {Threatening mate with Qg4+.} Ne5 21. Nh6+ Kh8
22. Bxe5 {[#] Threatens to win with Nf7+.} Bxe6 23. Bxb2 {[%mdl 64] Discovered
Attack. Black did not feel at home in the position after the opening. 
Weighted Error Value: White=0.18/Black=1.14} 1-0

[Event "23rd ETCC Women 2021"]
[Site "Catez"]
[Date "2021.11.19"]
[Round "6.16"]
[White "Ghukasyan, Siranush"]
[Black "Zhukova, Natalia"]
[Result "1/2-1/2"]
[WhiteElo "2168"]
[BlackElo "2331"]
[Annotator "TA"]
[PlyCount "96"]
[EventDate "2021.11.08"]
[EventType "team-tourn"]
[EventCountry "SLO"]
[WhiteTeam "Armenia"]
[BlackTeam "Ukraine"]
[WhiteTeamCountry "ARM"]
[BlackTeamCountry "UKR"]

{[%evp 17,96,35,35,29,30,15,24,27,66,52,60,41,41,54,110,83,83,54,76,36,50,43,
43,59,84,-4,-8,-8,-12,-27,-35,-33,0,-36,-22,-20,0,-59,-45,-52,-47,-63,-37,-45,
-37,-46,-41,-51,-50,-75,-12,-13,-7,-19,-37,0,0,0,56,66,63,63,54,54,61,0,0,0,0,
0,0,0,0,0,0,0,0,0,0,0,0]} 1. e4 e5 2. Nf3 Nc6 3. Bb5 a6 4. Ba4 d6 5. c3 Bd7 6.
O-O g6 7. d4 Bg7 8. Re1 b5 {8...Nf6 is becoming the main line.} 9. Bb3 Nf6 10.
Nbd2 {[%cal Bb1d2,Bd2f1,Bf1g3][%mdl 32] C79: Ruy Lopez: Steinitz-type lines
with 3...a6 4 Ba4 Nf6 5 0-0 d6.} O-O 11. a4 h6 12. Nf1 {[#] White has an edge.}
Qb8 $146 ({Predecessor:} 12... Re8 13. dxe5 Nxe5 14. Nxe5 Rxe5 15. f4 Re8 16.
axb5 axb5 17. Rxa8 Qxa8 18. e5 Bg4 {1-0 (44) Dragomirescu,R (2232)-Mammadov,A 
(2347) Herceg Novi 2008}) 13. Ng3 Qb7 14. h3 Rfe8 15. a5 Rad8 (15... Nd8 $14)
16. Bd2 Re7 17. d5 Nb8 18. Be3 c6 19. Bb6 Rde8 20. dxc6 Qxc6 21. Qd3 ({White
should try} 21. c4 $16) 21... Be6 $11 22. Bxe6 Rxe6 23. Red1 Nbd7 24. Be3 Rc8
25. Ne1 Qb7 26. Nc2 h5 27. h4 (27. f3 $11) 27... Nc5 $15 28. Bxc5 dxc5 29. c4
Bh6 30. b3 Bf4 31. Re1 Rc7 32. cxb5 axb5 33. Na3 b4 ({Better is} 33... Bxg3 $17
34. fxg3 b4) 34. Nc4 $1 $11 Rd7 35. Qf3 Bxg3 36. Qxg3 Nxe4 37. Qf3 Nd6 ({
Black should play} 37... f5 $11) 38. Qxb7 $14 Rxb7 39. Nxd6 Rxd6 40. Rxe5 {
[%mdl 4096] Endgame KRR-KRR} Rc6 41. Kf1 (41. Re8+ $1 $14 Kg7 42. Ra8) 41...
Kg7 $11 {The position is equal.} 42. Ke2 c4 43. bxc4 Rxc4 44. a6 Ra7 45. g3 b3
46. Rb5 Rc2+ 47. Ke3 Rc6 48. Rxb3 {With the idea Rba3.} Raxa6 {Weighted Error
Value: White=0.13/Black=0.11} 1/2-1/2

[Event "23rd ETCC Women 2021"]
[Site "Catez"]
[Date "2021.11.19"]
[Round "6.17"]
[White "Paehtz, Elisabeth"]
[Black "Lazarne Vajda, Szidonia"]
[Result "1-0"]
[WhiteElo "2485"]
[BlackElo "2345"]
[Annotator "ChessBase"]
[PlyCount "73"]
[EventDate "2021.11.08"]
[EventType "team-tourn"]
[EventCountry "SLO"]
[WhiteTeam "Germany"]
[BlackTeam "Hungary"]
[WhiteTeamCountry "GER"]
[BlackTeamCountry "HUN"]
[TimeControl "40/5400+30:1800+30"]

1. e4 {[%emt 0:00:03]} c6 {[%emt 0:00:50]} 2. Nf3 {[%emt 0:01:01]} d5 {[%emt 0:
01:07]} 3. Nc3 {[%emt 0:00:04]} dxe4 {[%emt 0:02:42]} 4. Nxe4 {[%emt 0:00:04]}
Nf6 {[%emt 0:00:41]} 5. Qe2 {[%emt 0:00:05]} Nxe4 {[%emt 0:03:16]} 6. Qxe4 {
[%emt 0:00:08]} Qa5 {[%emt 0:01:30]} 7. Bd3 {[%emt 0:00:41]} e6 {[%emt 0:08:56]
} 8. O-O {[%emt 0:03:40]} Nd7 {[%emt 0:01:50]} 9. Re1 {[%emt 0:13:57]} Be7 {
[%emt 0:06:36]} 10. Bf1 {[%emt 0:15:12]} Qd5 {[%emt 0:06:37]} 11. Qe3 {[%emt 0:
03:24]} O-O {[%emt 0:10:20]} 12. c4 {[%emt 0:03:54]} Qd6 {[%emt 0:01:33]} 13.
d4 {[%emt 0:00:12]} Rd8 {[%emt 0:09:24]} 14. Bd2 {[%emt 0:06:48]} Nf8 {[%emt 0:
01:26]} 15. Rad1 {[%emt 0:01:37]} Bf6 {[%emt 0:01:09]} 16. Qe4 {[%emt 0:06:28]}
Bd7 {[%emt 0:10:23]} 17. Bf4 {[%emt 0:03:20]} Qe7 {[%emt 0:07:35]} 18. Qe3 {
[%emt 0:05:48]} Be8 {[%emt 0:01:06]} 19. Qb3 {[%emt 0:01:18]} b6 {[%emt 0:02:
14]} 20. Bg3 {[%emt 0:02:55]} c5 {[%emt 0:03:21]} 21. d5 {[%emt 0:00:59]} Qb7 {
[%emt 0:01:31]} 22. Bd3 {[%emt 0:04:39]} exd5 {[%emt 0:00:29]} 23. cxd5 {
[%emt 0:00:04]} Rac8 {[%emt 0:02:14]} 24. Ne5 {[%emt 0:07:32]} Bxe5 {[%emt 0:
01:14]} 25. Bxe5 {[%emt 0:00:02]} Ng6 {[%emt 0:01:17]} 26. Bf5 {[%emt 0:01:35]}
Ra8 {[%emt 0:04:22]} 27. Bg3 {[%emt 0:01:17]} b5 {[%emt 0:03:07]} 28. h4 {
[%emt 0:02:43]} c4 {[%emt 0:01:00]} 29. Qc2 {[%emt 0:03:07]} Nf8 {[%emt 0:00:
44]} 30. d6 {[%emt 0:01:26]} Bc6 {[%emt 0:01:56]} 31. Re7 {[%emt 0:00:12]} Qb6
{[%emt 0:00:47]} 32. h5 {[%emt 0:01:29]} g6 {[%emt 0:01:27]} 33. h6 {[%emt 0:
01:18]} Qa5 {[%emt 0:01:34]} 34. Be4 {[%emt 0:02:41]} Rac8 {[%emt 0:02:29]} 35.
Bxc6 {[%emt 0:00:05]} Rxc6 {[%emt 0:00:02]} 36. Qe4 {[%emt 0:00:05]} Rcc8 {
[%emt 0:00:58]} 37. Qd4 {[%emt 0:00:24]} 1-0

[Event "23rd ETCC Women 2021"]
[Site "Catez"]
[Date "2021.11.19"]
[Round "6.18"]
[White "Gara, Ticia"]
[Black "Heinemann, Josefine"]
[Result "1/2-1/2"]
[WhiteElo "2331"]
[BlackElo "2336"]
[Annotator "TA"]
[PlyCount "65"]
[EventDate "2021.11.08"]
[EventType "team-tourn"]
[EventCountry "SLO"]
[WhiteTeam "Hungary"]
[BlackTeam "Germany"]
[WhiteTeamCountry "HUN"]
[BlackTeamCountry "GER"]

{[%evp 16,65,8,7,14,0,3,0,26,26,26,32,22,10,37,25,36,0,0,0,0,0,24,0,0,0,0,0,0,
0,0,0,0,0,0,0,0,0,0,0,0,0,0,0,0,-5,0,0,0,0,0,0]} 1. Nf3 d5 2. e3 Nf6 3. c4 e6
4. Nc3 c5 5. cxd5 exd5 6. Bb5+ Nc6 7. d4 cxd4 8. Nxd4 Bd7 9. O-O Bd6 {D32:
Tarrasch Defence: Sidelines and lines without g3.} 10. Be2 O-O 11. Ndb5 Bf5 12.
Nxd6 Qxd6 13. b3 {[#]} a6 $146 ({Predecessor:} 13... Rfe8 14. Bb2 {1-0 (14)
Sutkiene,R (2026)-Clark,R (2206) ICCF email 2017}) 14. Bf3 Rad8 15. Ne2 Bg4 16.
Bxg4 Nxg4 {[%csl Gg4][%cal Rd6h2] [#]} 17. Ng3 f5 18. h3 Nge5 19. Ne2 (19. Qc2
{is interesting.} d4 20. Nxf5 Nf3+ 21. gxf3 Qg6+ 22. Kh2) 19... d4 {The
position is equal.} 20. exd4 Nxd4 21. Qxd4 Qxd4 22. Nxd4 Rxd4 23. Be3 Rd5 24.
Rfd1 Rfd8 25. Rxd5 Rxd5 $11 {[%mdl 4096] Endgame KRB-KRN} 26. Rc1 Nc6 27. Kf1
Kf7 28. Ke2 Ke6 29. Rc4 g6 30. b4 a5 31. a3 axb4 32. axb4 Kf6 33. Bc5 {
Weighted Error Value: White=0.04/Black=0.05} 1/2-1/2